| 000 | 00682nam a2200181 a 4500 | ||
|---|---|---|---|
| 005 | 20140412111252.0 | ||
| 008 | 010416s19uu xx 00 eng d | ||
| 020 | _a0-14-056417-9 | ||
| 050 |
_aM 222.11 _bN62 1990 |
||
| 245 |
_aNoah's ark : _bwords from the Book of Genesis / _cillustrated by Jane Ray. |
||
| 260 |
_aNew York : _bPuffin Books, _c1990. |
||
| 300 | _a1 v. (unp.) ; ill. | ||
| 520 | _aBiblical text and illustrations depict how Noah and his family were singled out by God to be saved from the great flood, along with two animals of each kind. | ||
| 650 | _aNoah's ark-Juvenile literature | ||
| 650 | _aNoah's ark | ||
| 650 | _aBible O.T. Genesis | ||
| 999 |
_c103180 _d103180 |
||